| 000 | 00000nam##2200000za#4500 |
| 001 | 9.695866 |
| 003 | CaOODSP |
| 005 | 20240703102706 |
| 007 | cr ||||||||||| |
| 008 | 150407|2001||||xxc|||||o f|0| 0 eng|d |
| 040 | |aCaOODSP|beng |
| 043 | |an-cn--- |
| 086 | 1 |aH39-577/2001E-PDF |
| 110 | 1 |aCanada. |bHealth Canada. |
| 245 | 10|aAssessment report of the Canadian Food Inspection Agency activities related to the safety of aquaculture products / |h[electronic resource]|cHealth Canada, Food Safety Assessment Program. |
| 246 | 1 |aFood Safety Assessment Program, aquaculture products |
| 260 | |aOttawa - Ontario : |bHealth Canada |cJune 2001. |
| 300 | |a49p.|bfig., graphs, tables |
| 500 | |a"Health Canada, Food Safety Assessment Program"--p. 1 of 49. The catalogue number (H39-577/2001E) and ISBN (0-662-85808-5) for the print edition have been incorrectly copied in this electronic publication. |
| 590 | |a12-08-Supp|b2012-03-16 |
| 690 | 07|aFood safety|2gcpds |
| 690 | 07|aAquaculture|2gcpds |
| 690 | 07|aProgram assessment|2gcpds |
| 710 | 2 |aCanadian Food Inspection Agency. |
| 775 | 08|tRapport d'évaluation des activités de l'Agence canadienne d'inspection des aliments reliées à la salubrité des produits aquicoles / |w(CaOODSP)9.639986 |
| 776 | 0#|tAssessment report of the Canadian Food Inspection Agency activities related to the safety of aquaculture products / |w(CaOODSP)9.648165 |
| 856 | 40|ahttp://publications.gc.ca|qPDF|s283 KB|uhttps://publications.gc.ca/collections/Collection/H39-577-2001E.pdf |